000 00457nam a2200181Ia 4500
005 20240823013919.0
008 240823s9999||||xx |||||||||||||| ||und||
041 _aENGLISH
082 _A005.74 N3
100 _aRavi (ed)
245 4 _aThe Hindu Speakes on Information Technology
250 _a1st
260 _c1993
_b"Kasturi,Madras"
500 _aTRANSFERED
650 _aInformation Technology
_bComputer Science
942 _cBK
999 _c168594
_d168594